000 004450000a22001810004500
003 MACL
005 20160130115018.0
008 160130b xxu||||| |||| 00| 0 eng d
040 _aMACL
_cMACL
041 _aEnglish
082 _a741.642
100 _aKeene, Carolyn
_928716
245 _aAction
_bNancy Drew 6
260 _bAladdin Paperbacks
_c2004
_aNew York
350 _a125
650 _aChildren Book
_935777
942 _cBK
_k741.642
_2ddc
999 _c45726
_d45726